000 00912nam a2200277Ia 4500
003 OSt
005 20221005111430.0
006 a|||||r|||| 00| 0
007 ta
008 221004b |||||||| |||| 00| 0 hin d
020 _a8181430034 (hbk)
_c700
024 _a17768
037 _b524, 21/03/2015, Vani Prakashan
_cTextual
040 _aCRL
_cCRL
_bhin
041 _2hin
_ahin
082 _aO152,1I00:g, P3
100 _aधर्मवीर
245 0 _aसूत न कपास
246 _aSūt n kapāsa
260 _aनई दिल्ली
_bवाणी प्रकाशन भारत
_c2003
300 _a251पृ0
_ccm.
490 _aकबीर के आलोचक; 3
650 _aहिन्दी साहित्य
942 _hO152,1I00:g, P3
_cTEXL
_2cc
999 _c1021824
_d1021824